000 01893nam2a22004091 4500
001 v19\rc\1320868
005 20250618035449.0
035 _a(NLR Aleph) 004475388
090 _a4580882
_c4580882
100 _a20060512d1847 |||y0rusy50 ca
101 0 _arus
102 _aRU
105 _ay z |||||
135 _acrmn mmmanaba
200 0 _aза 1846 год
210 _d1847
_aБ. м.
215 _a152 с.
325 1 _aКопия доступна в электронной библиотеке РНБ
461 0 _1001v19\rc\1320857
_12001#$aОтчет о деятельности Московского общества сельского хозяйства и его учреждений...$vза 1846 год$90
_95381566
_aАббатство святого Олбани (Хартфордшир, Великобритания)
_cМосква
_d1832-1908
_tОтчет о деятельности Московского общества сельского хозяйства и его учреждений...
_vза 1846 год$90
801 0 _aRU
_bNLR
_gpsbo
801 0 _aRU
_bRuMoRGB
_2psbo
801 1 _aRU
_bProSoft-M
_2rusmarc
852 _aNLR
_j18.83.4.34
899 _aRuMoRGB (1829-1907*)
_jT 29/21
899 _aRuMoRGB (1829-1907*)
_jG 7/49
899 _aRuMoRGB (1829-1907*)
_jT 67/296
899 _aБАН (1829-1907*)
899 _aНБ СПбГУ (1829-1896*)
899 _aГПИБ (1829-1896*)
899 _aНБ МГУ (1829-1907*)
901 _eКнижные издания
942 _cBOOK
980 _aNB
981 4 4 _a(44) Оцифровано по рекомендациям читателей
981 2 2 _a(22) Материалы по истории России
_b(22) История промышленности и торговли